ਇੱਛਾਧਾਰੀ (Record no. 1464794)

MARC details
000 -LEADER
fixed length control field 00877 a2200265 4500
005 - DATE AND TIME OF LATEST TRANSACTION
control field 20251201112011.0
008 - FIXED-LENGTH DATA ELEMENTS--GENERAL INFORMATION
fixed length control field 251201b |||||||| |||| 00| 0 eng d
020 ## - INTERNATIONAL STANDARD BOOK NUMBER
International Standard Book Number 9789350688212 (pbk)
037 ## - SOURCE OF ACQUISITION
Terms of availability TB
040 ## - CATALOGING SOURCE
Original cataloging agency CRL
Transcribing agency CRL
041 ## - LANGUAGE CODE
Source of code pun
Language code of text/sound track or separate title pun
084 ## - COLON CLASSIFICATION NUMBER
Classification number O33,2N38x 153Q4
Assigning agency CRL
100 ## - MAIN ENTRY--PERSONAL NAME
Personal name ਪਾਤਰ, ਸੁਰਜੀਤ / Patar, Surjit
9 (RLIN) 848505
245 ## - TITLE STATEMENT
Title ਇੱਛਾਧਾਰੀ
246 ## - VARYING FORM OF TITLE
Title proper/short title Ichhadhari
260 ## - PUBLICATION, DISTRIBUTION, ETC.
Name of publisher, distributor, etc. Lokgeeet Parkasan
Date of publication, distribution, etc. 2014
300 ## - PHYSICAL DESCRIPTION
Extent 67p.
365 ## - TRADE PRICE
Price amount 125.00
Currency code INR
650 ## - SUBJECT ADDED ENTRY--TOPICAL TERM
Source of heading or term Literature
650 ## - SUBJECT ADDED ENTRY--TOPICAL TERM
Source of heading or term Natak
650 ## - SUBJECT ADDED ENTRY--TOPICAL TERM
Source of heading or term kanarese Literature
700 ## - ADDED ENTRY--PERSONAL NAME
Personal name ਪਾਤਰ , ਸੁਰਜੀਤ
Relator term ਅਨੁਵਾਦਕ
9 (RLIN) 853646
942 ## - ADDED ENTRY ELEMENTS (KOHA)
Koha item type Textbook
Source of classification or shelving scheme Colon Classification (CC)
Suppress in OPAC No
Classification part O33,2N38x 153Q4
Holdings
Withdrawn status Lost status Source of classification or shelving scheme Damaged status Not for loan Home library Current library Date acquired Source of acquisition Cost, normal purchase price Inventory number Total Checkouts Full call number Barcode Date last seen Cost, replacement price Price effective from Koha item type
    Colon Classification (CC)     Central Library Central Library 2025-10-30 33/H.K. Prakashan 100.00 1868/ 24-10-2025   O33,2N38x 153Q4 CL1924350 2025-10-30 125.00 2025-10-30 Textbook
    Colon Classification (CC)     Central Library Central Library 2025-10-30 33/H.K. Prakashan 100.00 1868/ 24-10-2025   O33,2N38x 153Q4 CL1924351 2025-10-30 125.00 2025-10-30 Textbook
    Colon Classification (CC)     Central Library Central Library 2025-10-30 33/H.K. Prakashan 100.00 1868/ 24-10-2025   O33,2N38x 153Q4 CL1924352 2025-10-30 125.00 2025-10-30 Textbook
    Colon Classification (CC)     Central Library Central Library 2025-10-30 33/H.K. Prakashan 100.00 1868/ 24-10-2025   O33,2N38x 153Q4 CL1924353 2025-10-30 125.00 2025-10-30 Textbook
    Colon Classification (CC)     Central Library Central Library 2025-10-30 33/H.K. Prakashan 100.00 1868/ 24-10-2025   O33,2N38x 153Q4 CL1924354 2025-10-30 125.00 2025-10-30 Textbook
Copyright @ Delhi University Library System